Statistiques concernant Top 10 des pays producteurs de charbon

Cliquez ici pour prendre le quiz!

Statistiques générales

  • Ce quiz a été pris 84 fois
  • Le résultat moyen est 8 sur 10

Statistiques - réponses

Tonnes métriques par anPays% Correct
3,523,200,000Chine
99%
702,300,000Etats-Unis
97%
411,200,000Russie
95%
716,000,000Inde
91%
175,100,000Allemagne
81%
481,300,000Australie
78%
127,100,000Pologne
62%
252,300,000Afrique du Sud
58%
111,100,000Kazakhstan
55%
461,000,000Indonésie
54%

Distribution des résultats

Percentile par nombre de réponses

% des personnes avec chaque résultat

Votre développement - résultats

Vous n’avez pas pris ce quiz